000 00816nam a2200217 a 4500
003 0
005 20250306135920.0
008 090706s19uu xx uuu eng d
050 _aPGS TP 994.5
_b.H874 2009
100 _aHuang, Clyde H.
245 _aThe use of Papaya extract as dishwashing liquid /
_cClyde H. Huang.
260 _aLas PiƱas City, Philippines :
_bSouthville International School and Colleges,
_c2009.
300 _a26 pages :
_bcolored illustrations ;
_c28 cm.
504 _aIncludes bibliographical references.
650 _aDishwashing liquids
_vNatural ingredients.
650 _aPapaya
_vChemical properties.
650 _aDetergents
_vBiodegradable alternatives.
650 _aCleaning agents
_vOrganic substitutes.
650 _aSurfactants
_vTesting methods.
942 _2lcc
_cPASS
999 _c98175
_d98175